[Event "Preinscritos IRT Online"]
[Site "Chess.com INT"]
[Date "2020.12.26"]
[Round "7"]
[White "Aguilar Ginarte, Jose Antonio"]
[Black "Santos Flores, Alberto Javier"]
[Result "1/2-1/2"]
[WhiteElo "2367"]
[BlackElo "2404"]
[PlyCount "65"]
[EventDate "2020.12.26"]
[EventType "swiss"]
[EventRounds "11"]
[EventCountry "ECU"]
[SourceTitle "CBM 200 Extra"]
[Source "ChessBase"]
[SourceDate "2021.03.31"]
[SourceVersion "1"]
[SourceVersionDate "2021.03.31"]
[SourceQuality "1"]

1. c4 c6 2. e4 d5 3. exd5 cxd5 4. d4 Nf6 5. Nc3 e6 6. Nf3 Be7 7. cxd5 Nxd5 8. Bd3 0-0 9. 0-0 b6 10. Nxd5 exd5 11. h3 Ba6 12. Bxa6 Nxa6 13. Ne5 Bf6 14. Bf4 Rc8 15. Qa4 Bxe5 16. Bxe5 Nc7 17. Qxa7 Ne6 18. Rac1 Ra8 19. Qb7 Rxa2 20. Bc7 Nxc7 21. Rxc7 Rxb2 22. Rd7 Qa8 23. Rxf7 Qxb7 24. Rxb7 Rd2 25. f3 Rxd4 26. Re1 Rdf4 27. Rxb6 Rd8 28. Kf2 Rf7 29. Reb1 Rfd7 30. Rb8 Kf7 31. Rxd8 Rxd8 32. Ke2 Ke6 33. Kd3 1/2-1/2

[Event "Preinscritos IRT Online"]
[Site "Chess.com INT"]
[Date "2020.12.26"]
[Round "10"]
[White "Calderon Guerra, Danny Patricio"]
[Black "Aguilar Ginarte, Jose Antonio"]
[Result "0-1"]
[WhiteElo "2024"]
[BlackElo "2367"]
[PlyCount "114"]
[EventDate "2020.12.26"]
[EventType "swiss"]
[EventRounds "11"]
[EventCountry "ECU"]
[SourceTitle "CBM 200 Extra"]
[Source "ChessBase"]
[SourceDate "2021.03.31"]
[SourceVersion "1"]
[SourceVersionDate "2021.03.31"]
[SourceQuality "1"]

1. d4 Nf6 2. Nf3 g6 3. Bg5 Bg7 4. e3 0-0 5. Bd3 d6 6. Bxf6 Bxf6 7. c3 c5 8. Qc2 Nc6 9. h4 Bg4 10. Nh2 Qd7 11. f3 Be6 12. h5 cxd4 13. exd4 Rac8 14. hxg6 Nxd4 15. gxh7+ Kh8 16. Qf2 Nf5 17. Ng4 Bg7 18. Nd2 Qa4 19. Ne3 Qf4 20. Nxf5 Bxf5 21. Bxf5 Qxf5 22. g4 Qe5+ 23. Qe2 Qg3+ 24. Qf2 Qf4 25. 0-0 Rc5 26. Ne4 Rb5 27. Rab1 f5 28. gxf5 Rbxf5 29. Qh2 Qe3+ 30. Qf2 Qh6 31. Qh2 Rh5 32. Qg2 Be5 33. f4 Bg7 34. Ng3 Rh4 35. Kf2 Rhxf4+ 36. Ke2 Qe6+ 37. Kd2 Bh6 38. Kc2 Qg6+ 39. Kb3 Kxh7 40. Rxf4 Rxf4 41. Rh1 Qe6+ 42. Kc2 Rg4 43. Qh3 Qg6+ 44. Ne4 Qxe4+ 45. Kb3 Qc4+ 46. Kc2 Qe4+ 47. Kb3 Qg6 48. Rf1 a5 49. a4 Qe6+ 50. Ka3 Rxa4+ 51. Kxa4 Qxh3 52. Rf7+ Bg7 53. Rxe7 Qh4+ 54. Re4 Qxe4+ 55. b4 axb4 56. cxb4 Bc3 57. Kb5 Qxb4# 0-1